LEADER 04368nam 2200661Ia 450 001 9910974616703321 005 20251117115300.0 010 $a0-7914-8692-3 010 $a1-4175-0091-3 035 $a(CKB)111087027856386 035 $a(EBL)3408382 035 $a(SSID)ssj0000235146 035 $a(PQKBManifestationID)11208142 035 $a(PQKBTitleCode)TC0000235146 035 $a(PQKBWorkID)10241978 035 $a(PQKB)10426095 035 $a(OCoLC)54770776 035 $a(MdBmJHUP)muse6002 035 $a(Au-PeEL)EBL3408382 035 $a(CaPaEBR)ebr10594709 035 $a(DE-B1597)684368 035 $a(DE-B1597)9780791486924 035 $a(MiAaPQ)EBC3408382 035 $a(EXLCZ)99111087027856386 100 $a20020606d2003 uy 0 101 0 $aeng 135 $aur|n|---||||| 181 $ctxt 182 $cc 183 $acr 200 00$aReinterpreting urban school reform $ehave urban schools failed, or has the reform movement failed urban schools? /$fedited by Louis F. Miron and Edward P. St. John 205 $a1st ed. 210 $aAlbany $cState University of New York Press$dc2003 215 $a1 online resource (336 p.) 300 $aDescription based upon print version of record. 311 08$a0-7914-5708-7 311 08$a0-7914-5707-9 320 $aIncludes bibliographical references and index. 327 $a""Reinterpreting Urban School Reform""; ""Contents""; ""Introduction: Rethinking Urban School Reform by Louis F. MirA?łn and Edward P. St. John""; ""Part I: The Courts and Urban Schools""; ""1. School Desegregation Is Over in the Inner Cities: What Do We Do Now? by Richard Fossey""; ""2. The Need for Issues-Driven School Funding Reform in Urban Schools by Neil Theobald""; ""Part II: Government Initiated, External Reforms""; ""3. Federal Title I as a Reform Strategy in Urban Schools by Kenneth K. Wong"" 327 $a""4. Inclusive Education in High Stakes, High Poverty Environments: The Case of Students with Learning Disabilities in Indianaa???s Urban Schools and the Graduation Qualifying Examination by Genevieve Manset and Sandra Washburn""""5. Race, Restructuring, and Educational Reform: The Mayoral Takeover of the Detroit Public Schools by Barry M. Franklin""; ""Part III: Independently Adopted Research-Based Reforms"" 327 $a""6. Research-Based Reading Reform: The Impact of State-Funded Interventions on Educational Outcomes in Urban Elementary Schools by Edward P. St. John, Genevieve Manset, Choong-Geun Chung, Ada B. Simmons, Glenda Droogsma Musoba, Kim Manoil, and Kim Worth""""7. Comprehensive School Reform: An Exploratory Study by Edward P. St. John, Genevieve Manset, Choong-Geun Chung, Glenda Droogsma Musoba, Siri Loescher, Ada B. Simmons, David Gordon, and Carol Anne Hossler""; ""8. Private Scholarships and School Choice: Innovation or Class Reproduction? by Carolyn S. Ridenour and Edward P. St. John"" 327 $a""Part IV: Community-Based Reforms""""9. Parental and Community Empowerment: The Chicago Model by Kathryn Nakagawa""; ""10. Joint Ventures Between Public Schools and City Government: Implications for Community Development by Louis F. MirA?łn""; ""11. Rediscovering the African-American Tradition: Restructuring in Post-Desegregation Urban Schools by Leetta Allen-Haynes, Edward P. St. John, and Joseph Cadray""; ""Part V: A Critical-Empirical View""; ""12. A Critical-Empirical Perspective on Urban School Reform by Edward P. St. John and Louis MirA?łn"" 327 $a""13. Implications of the New Global Context for Urban Reform by Louis F. MirA?łn and Edward P. St. John""""Contributors""; ""Index""; ""A""; ""B""; ""C""; ""D""; ""E""; ""F""; ""G""; ""H""; ""I""; ""J""; ""K""; ""L""; ""M""; ""N""; ""O""; ""P""; ""R""; ""S""; ""T""; ""U""; ""V""; ""W""; ""Y""; ""Z"" 330 $aA critical look at urban school reform efforts. 606 $aEducation, Urban$zUnited States 606 $aEducational change$zUnited States 615 0$aEducation, Urban 615 0$aEducational change 676 $a371./00973/091732 701 $aMiro?n$b Luis F$01890970 701 $aSt. John$b Edward P$0282549 801 0$bMiAaPQ 801 1$bMiAaPQ 801 2$bMiAaPQ 906 $aBOOK 912 $a9910974616703321 996 $aReinterpreting urban school reform$94533430 997 $aUNINA